Google Suggestions - U.S. States - Statistics

General Stats
  • This quiz has been taken 11 times
  • The average score is 3 of 14
Answer Stats
When I type... Google suggests... % Correct
Why is Rhode Island so ... {Small}
90%
Why does Wisconsin love ... {Cheese}
60%
Why is Wyoming so ... {Empty}
60%
Why does Idaho have so many ... {Potatoes}
50%
Why does Massachusetts have the best ... {Education}
20%
Why does Alaska have a high ... {Crime} {Rate}
10%
Why does New Mexico have so much ... {Poverty}
10%
Why does Illinois have high... {Taxes}
10%
Why does North Dakota have no ... {Trees}
0%
Why does Florida have 3 ... {Football} {Teams}
0%
Why did California ban... {Glocks}
0%
Why is Arkansas called ... {Natural} {State}
0%
Why does West Virginia have a ... {Panhandle}
0%
Why does Oregon have two ... {Time} {Zones}
0%
No matching quizzes found
Score Distribution
Percent of People with Each Score
Percentile by Number Answered
Your Score History
You have not taken this quiz